[Event "BCF-chT2 2324 (4NCL)"]
[Site "England"]
[Date "2024.01.14"]
[Round "4.3"]
[White "Walker, Heather Enid"]
[Black "Graham, Cassie M"]
[Result "0-1"]
[WhiteElo "1198"]
[BlackElo "1954"]
[PlyCount "102"]
[EventDate "2023.11.11"]
[EventType "team-tourn"]
[EventRounds "11"]
[EventCountry "ENG"]
[SourceTitle "CB11_2024"]
[SourceDate "2024.03.13"]
[SourceVersion "1"]
[SourceVersionDate "2024.03.13"]
[SourceQuality "1"]
[WhiteTeam "Anglian Avengers"]
[BlackTeam "Sussex Martlets"]
[WhiteTeamCountry "ENG"]
[BlackTeamCountry "ENG"]

1. e4 c5 2. b4 cxb4 3. d4 e6 4. c3 bxc3 5. Nxc3 d6 6. Rb1 Be7 7. Nf3 Nf6 8. Bc4 a6 9. a4 0-0 10. 0-0 d5 11. Bd3 dxe4 12. Nxe4 Nbd7 13. Re1 Nd5 14. Bd2 b6 15. Qc2 Bb7 16. Neg5 g6 17. Qc1 Rc8 18. Qb2 Bd6 19. Ne5 Bxe5 20. dxe5 Nc5 21. Bc2 h6 22. Ne4 Nxe4 23. Bxe4 Kg7 24. Rbc1 Qd7 25. Rc2 Rxc2 26. Qxc2 Rc8 27. Qd3 b5 28. axb5 axb5 29. Rb1 Bc6 30. Qd4 Ne7 31. Qxd7 Bxd7 32. g3 Rb8 33. Rd1 Be8 34. Bb4 Nc6 35. Bd6 Rb6 36. Rc1 h5 37. Bc7 Ra6 38. Bd3 Nb4 39. Be2 Rc6 40. Rxc6 Bxc6 41. Bd6 Nc2 42. Bc5 b4 43. Bc4 Ba4 44. Kf1 b3 45. Ke2 Bb5 46. Kd2 Bxc4 47. Kc1 Ne1 48. Ba3 Nd3+ 49. Kd2 Nxf2 50. Kc3 Bd5 51. Kd4 Nd1 0-1

[Event "BCF-chT2 2324 (4NCL)"]
[Site "England"]
[Date "2023.11.11"]
[Round "2.38"]
[White "Dicen, Imogen"]
[Black "Graham, Cassie M"]
[Result "1/2-1/2"]
[WhiteElo "1805"]
[BlackElo "1965"]
[PlyCount "92"]
[EventDate "2023.11.11"]
[EventType "team-tourn"]
[EventRounds "11"]
[EventCountry "ENG"]
[SourceTitle "CB46_2023"]
[SourceDate "2023.11.15"]
[SourceVersion "1"]
[SourceVersionDate "2023.11.15"]
[SourceQuality "1"]
[WhiteTeam "Warwicks Select"]
[BlackTeam "Sussex Martlets"]
[WhiteTeamCountry "ENG"]
[BlackTeamCountry "ENG"]

1. e4 c5 2. Nc3 Nc6 3. g3 g6 4. Bg2 Bg7 5. Nge2 d6 6. 0-0 e6 7. d3 Nge7 8. Be3 0-0 9. Qd2 Nd4 10. Nd1 Rb8 11. c3 Nxe2+ 12. Qxe2 b6 13. f3 Ba6 14. Nf2 Nc6 15. Qd2 d5 16. Rad1 d4 17. Bg5 dxc3 18. bxc3 Qd7 19. Bh6 Rbd8 20. Rfe1 e5 21. Bh3 Qe7 22. Qe3 Rd6 23. Bxg7 Kxg7 24. Bf1 Rfd8 25. h4 h5 26. Kh2 c4 27. dxc4 Rxd1 28. Rxd1 Rxd1 29. Nxd1 Na5 30. Qd2 Bxc4 31. Bxc4 Nxc4 32. Qd5 Qc7 33. Kh3 a6 34. Nf2 Kf6 35. g4 a5 36. Nd3 Ne3 37. g5+ Ke7 38. Qxe5+ Qxe5 39. Nxe5 Nd1 40. c4 Nc3 41. a3 Nb1 42. c5 bxc5 43. Nc4 a4 44. Kg3 Nc3 45. Nb6 Kd6 46. Nc4+ Ke7 1/2-1/2

[Event "BCF-chT2 2223 (4NCL)"]
[Site "England"]
[Date "2023.02.11"]
[Round "5.58"]
[White "Gazis, Georgios"]
[Black "Graham, Cassie M"]
[Result "0-1"]
[WhiteElo "1943"]
[BlackElo "1997"]
[PlyCount "86"]
[EventDate "2022.10.22"]
[EventType "team-tourn"]
[EventRounds "11"]
[EventCountry "ENG"]
[SourceTitle "EXT 2024"]
[Source "ChessBase"]
[SourceDate "2023.10.10"]
[SourceVersion "1"]
[SourceVersionDate "2023.10.10"]
[SourceQuality "1"]
[WhiteTeam "North East England"]
[BlackTeam "Sussex Martlets"]
[WhiteTeamCountry "ENG"]
[BlackTeamCountry "ENG"]

1. e4 c5 2. Nf3 Nc6 3. Bb5 Nd4 4. Bc4 e6 5. 0-0 g6 6. Nxd4 cxd4 7. f4 Ne7 8. d3 f5 9. Nd2 a6 10. Nf3 b5 11. Bb3 Bg7 12. Qe1 Bb7 13. Bd2 Qb6 14. Ba5 Qa7 15. Kh1 fxe4 16. dxe4 Nc6 17. Bc7 a5 18. a3 a4 19. Ba2 Qc5 20. f5 Ne7 21. Ba5 Rxa5 22. Qxa5 gxf5 23. exf5 Nxf5 24. Qb4 Qxb4 25. axb4 Ne3 26. Rf2 0-0 27. Kg1 Be4 28. Rc1 Rc8 29. Ng5 Rxc2 30. Rcxc2 Bxc2 31. Nf3 d3 32. Ne1 Bd4 33. Kh1 Ng4 34. Rf1 Nf2+ 35. Kg1 Nd1+ 36. Kh1 Nf2+ 37. Kg1 Ne4+ 38. Kh1 Bxb2 39. Nf3 d2 40. Nxd2 Nxd2 41. Rf2 Bc3 42. Rf4 Bb3 43. Bxb3 axb3 0-1

[Event "BCF-chT2 2223 (4NCL)"]
[Site "England"]
[Date "2023.01.15"]
[Round "4.57"]
[White "Arora, Tashika"]
[Black "Graham, Cassie M"]
[Result "1-0"]
[WhiteElo "2028"]
[BlackElo "1997"]
[PlyCount "105"]
[EventDate "2022.10.22"]
[EventType "team-tourn"]
[EventRounds "11"]
[EventCountry "ENG"]
[SourceTitle "EXT 2024"]
[Source "ChessBase"]
[SourceDate "2023.10.10"]
[SourceVersion "1"]
[SourceVersionDate "2023.10.10"]
[SourceQuality "1"]
[WhiteTeam "Oxford"]
[BlackTeam "Sussex Martlets"]
[WhiteTeamCountry "ENG"]
[BlackTeamCountry "ENG"]

1. d4 Nf6 2. c4 g6 3. g3 Bg7 4. Bg2 d6 5. Nc3 0-0 6. Nf3 Nbd7 7. 0-0 c6 8. b3 Qc7 9. Bb2 Re8 10. Rc1 Nf8 11. Qd3 Bg4 12. Nd2 Rad8 13. h3 Bd7 14. e4 e5 15. d5 a5 16. a3 Nh5 17. b4 axb4 18. axb4 Qb6 19. Ba3 Ra8 20. c5 dxc5 21. bxc5 Qa5 22. Nc4 Qa6 23. Ra1 cxd5 24. Nxd5 Bb5 25. Ndb6 Bxc4 26. Qxc4 Ne6 27. Qb4 Rad8 28. Bb2 Qd3 29. Nd5 Nd4 30. Ra3 Qb5 31. Qxb5 Nxb5 32. Rb3 Nd4 33. Rxb7 Rb8 34. Rb6 Bf8 35. Bxd4 exd4 36. g4 Ng7 37. Nf6+ Kh8 38. Nxe8 Rxe8 39. c6 Ne6 40. Rfb1 Bd6 41. Rb7 Kg7 42. Rd7 Bf4 43. Rbb7 Rf8 44. Ra7 g5 45. Bf1 Nd8 46. c7 Nc6 47. Rxf7+ Rxf7 48. c8Q Nxa7 49. Qc5 Rd7 50. Bd3 h6 51. e5 Rb7 52. e6 Rc7 53. Qxd4+ 1-0

[Event "BCF-chT 2122 (4NCL)"]
[Site "England"]
[Date "2022.05.01"]
[Round "8.97"]
[White "Shearsby, Jude"]
[Black "Graham, Cassie M"]
[Result "1-0"]
[WhiteElo "1814"]
[BlackElo "1978"]
[PlyCount "113"]
[EventDate "2021.11.27"]
[EventType "team-swiss"]
[EventRounds "11"]
[EventCountry "ENG"]
[SourceTitle "EXT 2023"]
[Source "ChessBase"]
[SourceDate "2022.10.05"]
[SourceVersion "1"]
[SourceVersionDate "2022.10.05"]
[SourceQuality "1"]
[WhiteTeam "Warwicks Select"]
[BlackTeam "Sussex Martlets"]
[WhiteTeamCountry "ENG"]
[BlackTeamCountry "ENG"]

1. e4 c5 2. Nf3 d6 3. c3 Nf6 4. h3 g6 5. Bd3 Bg7 6. Bc2 0-0 7. 0-0 Nc6 8. d4 cxd4 9. cxd4 b5 10. Bd2 a5 11. Qc1 Qb6 12. d5 Nd4 13. Nxd4 Qxd4 14. Be3 Qc4 15. Nd2 Qc7 16. Bd3 Qb8 17. Nf3 Ba6 18. Nd4 b4 19. Bxa6 Rxa6 20. Qc4 Ra8 21. Rac1 Re8 22. f3 Nd7 23. Qc7 Ne5 24. Rfd1 Qxc7 25. Rxc7 Rac8 26. Rdc1 Rxc7 27. Rxc7 Bf6 28. b3 Ra8 29. f4 Nd3 30. Nc6 Kf8 31. Kf1 a4 32. Ke2 axb3 33. axb3 Nc5 34. Bxc5 dxc5 35. Ra7 Rc8 36. Kd3 e6 37. Rb7 exd5 38. exd5 Ra8 39. Kc4 Ra2 40. Rb8+ Kg7 41. Kxc5 Rc2+ 42. Kxb4 Rxg2 43. Kc5 Rc2+ 44. Kd6 g5 45. Rb4 gxf4 46. Rxf4 Rc3 47. b4 Rxh3 48. b5 Rb3 49. Rb4 Rxb4 50. Nxb4 Bd4 51. Kc7 h5 52. d6 h4 53. d7 Bf6 54. Nd3 h3 55. d8Q Bxd8+ 56. Kxd8 h2 57. Nf2 1-0

[Event "EU-Cup Online Gr-E (Women)"]
[Site "Tornelo INT"]
[Date "2020.12.20"]
[Round "9.4"]
[White "Graham, Cassie M"]
[Black "Arabidze, Meri"]
[Result "0-1"]
[WhiteElo "1972"]
[BlackElo "2437"]
[PlyCount "92"]
[EventDate "2020.12.19"]
[EventType "team-tourn (rapid)"]
[EventRounds "9"]
[EventCountry "ISS"]
[SourceTitle "CBM 199 Extra"]
[Source "ChessBase"]
[SourceDate "2021.01.31"]
[SourceVersion "1"]
[SourceVersionDate "2021.01.31"]
[SourceQuality "1"]
[WhiteTeam "She Plays To Win (W)"]
[BlackTeam "Schwaebisch Hall (W)"]
[WhiteTeamCountry "ENG"]
[BlackTeamCountry "GER"]

1. e4 c5 2. Nc3 Nc6 3. f4 e6 4. Nf3 a6 5. g3 d5 6. d3 f5 7. Qe2 fxe4 8. dxe4 d4 9. Nd1 Nf6 10. Bg2 Be7 11. 0-0 0-0 12. b3 Kh8 13. a4 Rb8 14. Nf2 b5 15. Rd1 Qb6 16. Kh1 Bb7 17. Bh3 Nd8 18. a5 Qc6 19. Ne5 Qc7 20. Bg2 Nc6 21. Nfg4 Nxg4 22. Nxg4 Nxa5 23. b4 cxb4 24. Bb2 Nc6 25. Bxd4 Nxd4 26. Rxd4 Rfd8 27. Rad1 Rxd4 28. Rxd4 Rd8 29. Rxd8+ Qxd8 30. Ne5 Qd4 31. Bf3 Kg8 32. Kg2 Bd6 33. Nd3 a5 34. Nf2 Bc5 35. Nd3 a4 36. Nxc5 Qxc5 37. Qd3 a3 38. Qd8+ Qf8 39. Qd7 Qa8 40. Qxe6+ Kh8 41. f5 a2 42. f6 a1Q 43. f7 Qf8 44. Qe8 Qa8 45. Bh5 Bxe4+ 46. Kf2 Qaxe8 0-1

[Event "EU-Cup Online Gr-E (Women)"]
[Site "Tornelo INT"]
[Date "2020.12.19"]
[Round "3.2"]
[White "Atalik, Ekaterina"]
[Black "Graham, Cassie M"]
[Result "1-0"]
[WhiteElo "2430"]
[BlackElo "1972"]
[PlyCount "79"]
[EventDate "2020.12.19"]
[EventType "team-tourn (rapid)"]
[EventRounds "9"]
[EventCountry "ISS"]
[SourceTitle "CBM 199 Extra"]
[Source "ChessBase"]
[SourceDate "2021.01.31"]
[SourceVersion "1"]
[SourceVersionDate "2021.01.31"]
[SourceQuality "1"]
[WhiteTeam "Anatolia Red (W)"]
[BlackTeam "She Plays To Win (W)"]
[WhiteTeamCountry "TUR"]
[BlackTeamCountry "ENG"]

1. d4 Nf6 2. Nf3 g6 3. g3 Bg7 4. Bg2 0-0 5. 0-0 d6 6. b3 c5 7. Bb2 cxd4 8. Nxd4 Qc7 9. c4 Nc6 10. Nc3 Nxd4 11. Qxd4 Nh5 12. Qd2 Be6 13. h3 a6 14. Kh2 Rab8 15. Rac1 Rfc8 16. f4 f5 17. e4 Nf6 18. exf5 Bxf5 19. Rce1 Re8 20. g4 Bc8 21. g5 Nh5 22. Bf3 Nxf4 23. Qxf4 Be5 24. Rxe5 dxe5 25. Nd5 exf4 26. Nxc7 Rf8 27. Bd5+ e6 28. Nxe6 Rf5 29. Nd4+ Kf8 30. Nxf5 Bxf5 31. Rxf4 Re8 32. Bd4 Re2+ 33. Rf2 Re1 34. Bxb7 Ke7 35. Bd5 Kd6 36. h4 Rd1 37. Be3 Rd3 38. Bf4+ Kd7 39. Bg2 Ke7 40. Rd2 1-0

[Event "EU-Cup Online Gr-E (Women)"]
[Site "Tornelo INT"]
[Date "2020.12.19"]
[Round "4.2"]
[White "Graham, Cassie M"]
[Black "Cosma, Elena Luminita"]
[Result "0-1"]
[WhiteElo "1972"]
[BlackElo "2311"]
[PlyCount "84"]
[EventDate "2020.12.19"]
[EventType "team-tourn (rapid)"]
[EventRounds "9"]
[EventCountry "ISS"]
[SourceTitle "CBM 199 Extra"]
[Source "ChessBase"]
[SourceDate "2021.01.31"]
[SourceVersion "1"]
[SourceVersionDate "2021.01.31"]
[SourceQuality "1"]
[WhiteTeam "She Plays To Win (W)"]
[BlackTeam "Timisoara Medicina (W)"]
[WhiteTeamCountry "ENG"]
[BlackTeamCountry "ROU"]

1. e4 e6 2. Nf3 d5 3. e5 c5 4. b4 cxb4 5. a3 Nc6 6. d4 h6 7. axb4 Bxb4+ 8. c3 Bf8 9. Ba3 Bxa3 10. Nxa3 Nge7 11. Bd3 0-0 12. 0-0 Bd7 13. Nb5 a6 14. Nd6 Rb8 15. Bc2 Nf5 16. Qd3 g6 17. Nxf5 exf5 18. Rfe1 Be6 19. Qd2 Kg7 20. h3 Na5 21. Nh2 Nc4 22. Qe2 a5 23. f4 b5 24. g4 Qd7 25. Kf2 b4 26. Ba4 Qa7 27. gxf5 Bxf5 28. Nf3 bxc3 29. Ra2 Rb2 30. Rxb2 cxb2 31. Bc2 Bxc2 32. Qxc2 Rb8 33. f5 Qb6 34. f6+ Kh7 35. e6 b1Q 36. Qxb1 Qxb1 37. Rxb1 Rxb1 38. exf7 Rb8 39. Ne5 Rf8 40. Ke2 Nd6 41. Kd3 Nxf7 42. Nc6 Nd6 0-1

[Event "EU-Cup Online Gr-E (Women)"]
[Site "Tornelo INT"]
[Date "2020.12.19"]
[Round "2.3"]
[White "Graham, Cassie M"]
[Black "Padmini, Rout"]
[Result "0-1"]
[WhiteElo "1972"]
[BlackElo "2370"]
[PlyCount "64"]
[EventDate "2020.12.19"]
[EventType "team-tourn (rapid)"]
[EventRounds "9"]
[EventCountry "ISS"]
[SourceTitle "CBM 199 Extra"]
[Source "ChessBase"]
[SourceDate "2021.01.31"]
[SourceVersion "1"]
[SourceVersionDate "2021.01.31"]
[SourceQuality "1"]
[WhiteTeam "She Plays To Win (W)"]
[BlackTeam "Hamburger SK (W)"]
[WhiteTeamCountry "ENG"]
[BlackTeamCountry "GER"]

1. e4 c5 2. Nc3 e6 3. f4 Nc6 4. Nf3 a6 5. g3 Nd4 6. Bg2 Ne7 7. d3 Nec6 8. 0-0 g6 9. e5 d5 10. exd6 Bxd6 11. Ne4 Be7 12. c3 Nxf3+ 13. Qxf3 f5 14. Nf2 0-0 15. Re1 Bf6 16. Be3 Qd6 17. Rad1 Bd7 18. Rd2 Rab8 19. Qd1 Rfd8 20. a3 Be8 21. g4 Bf7 22. g5 Bg7 23. Bxc6 Qxc6 24. d4 c4 25. Qe2 b5 26. Nd1 Qe4 27. Nf2 Qd5 28. Nd1 Be8 29. Bf2 Rd6 30. Ne3 Qe4 31. Ng2 Bc6 32. Qe3 Qxg2# 0-1

[Event "EU-Cup Online Gr-E (Women)"]
[Site "Tornelo INT"]
[Date "2020.12.19"]
[Round "1.1"]
[White "Khademalsharieh, Sarasadat"]
[Black "Graham, Cassie M"]
[Result "1-0"]
[WhiteElo "2494"]
[BlackElo "1972"]
[PlyCount "71"]
[EventDate "2020.12.19"]
[EventType "team-tourn (rapid)"]
[EventRounds "9"]
[EventCountry "ISS"]
[SourceTitle "CBM 199 Extra"]
[Source "ChessBase"]
[SourceDate "2021.01.31"]
[SourceVersion "1"]
[SourceVersionDate "2021.01.31"]
[SourceQuality "1"]
[WhiteTeam "Clichy Echecs 92 (W)"]
[BlackTeam "She Plays To Win (W)"]
[WhiteTeamCountry "FRA"]
[BlackTeamCountry "ENG"]

1. d4 Nf6 2. c4 g6 3. g3 d5 4. Bg2 Bg7 5. e3 0-0 6. Ne2 c6 7. cxd5 cxd5 8. 0-0 Nc6 9. Nbc3 Bg4 10. h3 Bxe2 11. Qxe2 a6 12. b3 Rc8 13. Bb2 e6 14. Na4 Qe7 15. Rfc1 h5 16. Nc5 Rc7 17. a4 Rfc8 18. Ba3 Qe8 19. b4 e5 20. b5 axb5 21. axb5 Na5 22. b6 Rc6 23. dxe5 Qxe5 24. Bb2 Qe7 25. Rxa5 Rxc5 26. Rcxc5 Rxc5 27. Ba3 Nd7 28. Bxc5 Nxc5 29. Bxd5 Qd6 30. Ra8+ Bf8 31. Qf3 Qd7 32. e4 Ne6 33. Qf6 Ng7 34. Rd8 Ne8 35. Qxg6+ Kh8 36. Qxh5+ 1-0

[Event "Gilbert Cup"]
[Site "Dublin"]
[Date "2019.07.23"]
[Round "3"]
[White "Graham, Cassie M"]
[Black "Cordes, Jule Johanne"]
[Result "1-0"]
[WhiteElo "2005"]
[BlackElo "1554"]
[PlyCount "165"]
[EventDate "2019.07.22"]
[EventType "team-tourn"]
[EventRounds "5"]
[EventCountry "IRL"]
[SourceTitle "CBM 191 Extra"]
[Source "ChessBase"]
[SourceDate "2019.09.30"]
[SourceVersion "1"]
[SourceVersionDate "2019.09.30"]
[SourceQuality "1"]
[WhiteTeam "England"]
[BlackTeam "Netherlands"]
[WhiteTeamCountry "ENG"]
[BlackTeamCountry "NED"]

1. e4 c5 2. Nc3 e6 3. d3 d5 4. g3 d4 5. Nce2 Nc6 6. Bg2 e5 7. Nf3 Bd6 8. 0-0 Nge7 9. a4 Bg4 10. Nd2 Qd7 11. Nc4 Bc7 12. Bd2 h5 13. h4 f6 14. f3 Bh3 15. Bxh3 Qxh3 16. Rf2 Qe6 17. f4 0-0-0 18. Qf1 Rdg8 19. Kh2 Kb8 20. Qh3 Qxh3+ 21. Kxh3 Nc8 22. fxe5 Nxe5 23. Nxe5 Bxe5 24. Bf4 Bxf4 25. gxf4 Re8 26. Rg1 Re7 27. Rfg2 Rh7 28. Rb1 c4 29. b3 cxd3 30. cxd3 Rh8 31. Rc1 Rd8 32. f5 Nd6 33. Nf4 Rh8 34. Ng6 Rhe8 35. Nxe7 Rxe7 36. Rgc2 b6 37. Rg1 Kb7 38. Rcg2 Ne8 39. Rc1 Nd6 40. b4 Ka6 41. Rc6 Rd7 42. Kh2 Kb7 43. Rc1 Re7 44. Kg1 Rd7 45. Kf1 Re7 46. Rgc2 Rd7 47. Rc6 Kb8 48. Ke2 Kb7 49. R6c2 Re7 50. Kf2 Rd7 51. Ra1 Re7 52. a5 Nb5 53. a6+ Kb8 54. Rac1 Re8 55. Rc4 Rd8 56. Kf3 Nc3 57. R4xc3 dxc3 58. Rxc3 Rd4 59. Rb3 b5 60. Ke3 Rd6 61. Ra3 Kc7 62. d4 Rc6 63. Kd3 Kd6 64. Ra5 Rb6 65. Ke3 Kc6 66. Ra3 Kd6 67. Kf4 Rc6 68. Ra5 Rb6 69. e5+ fxe5+ 70. dxe5+ Kd5 71. Ra1 Kc4 72. Rb1 Rxa6 73. e6 Rb6 74. Ke5 Rb8 75. e7 Kd3 76. Ke6 Ke4 77. Re1+ Kf4 78. Rd1 Re8 79. Rd8 Rxe7+ 80. Kxe7 Kxf5 81. Rd5+ Kg4 82. Rd4+ Kg3 83. Kf7 1-0

[Event "Gilbert Cup"]
[Site "Dublin"]
[Date "2019.07.22"]
[Round "1"]
[White "Ferguson, Dayna"]
[Black "Graham, Cassie M"]
[Result "0-1"]
[WhiteElo "1624"]
[BlackElo "2005"]
[PlyCount "124"]
[EventDate "2019.07.22"]
[EventType "team-tourn"]
[EventRounds "5"]
[EventCountry "IRL"]
[SourceTitle "CBM 191 Extra"]
[Source "ChessBase"]
[SourceDate "2019.09.30"]
[SourceVersion "1"]
[SourceVersionDate "2019.09.30"]
[SourceQuality "1"]
[WhiteTeam "Ireland"]
[BlackTeam "England"]
[WhiteTeamCountry "IRL"]
[BlackTeamCountry "ENG"]

1. d4 Nf6 2. Nf3 g6 3. Bf4 Bg7 4. e3 d6 5. h3 0-0 6. Be2 Nfd7 7. Bh2 e5 8. 0-0 Nc6 9. c3 Kh8 10. a3 f5 11. Qc1 Qe7 12. d5 Nd8 13. c4 Nf7 14. Nc3 a6 15. Rb1 Ng5 16. b4 Nxf3+ 17. Bxf3 Qf6 18. Bd1 e4 19. Ne2 Ne5 20. Bb3 Bd7 21. a4 a5 22. Bxe5 Qxe5 23. b5 b6 24. Qd2 Rae8 25. Rbe1 Qf6 26. Ba2 Qh4 27. Bb3 Be5 28. f4 Bg7 29. Kh2 h6 30. g3 Qf6 31. Rg1 Rf7 32. Rg2 Kh7 33. Reg1 Qe7 34. Nd4 Bf6 35. Ba2 Rg8 36. Qf2 Bxd4 37. exd4 Qf6 38. Qe3 g5 39. Bb1 gxf4 40. gxf4 Rfg7 41. Rxg7+ Rxg7 42. Rxg7+ Kxg7 43. Qg3+ Kh7 44. Qe3 Be8 45. Bc2 Bh5 46. Qf2 Bf3 47. c5 Qg6 48. cxb6 cxb6 49. Bb3 Qg7 50. Bc4 Bd1 51. Qa2 Qxd4 52. Bb3 Bxb3 53. Qxb3 Qf2+ 54. Kh1 Qxf4 55. Qc4 Qf3+ 56. Kh2 Qf2+ 57. Kh1 Qc5 58. Qb3 f4 59. Qd1 f3 60. Qd2 Qc4 61. Qd1 Qe2 62. Qg1 f2 0-1

[Event "BCF-chT2 1819 (4NCL) Promotion"]
[Site "England"]
[Date "2019.03.17"]
[Round "8.28"]
[White "Graham, Cassie M"]
[Black "Wallis, Ian J"]
[Result "1/2-1/2"]
[WhiteElo "2057"]
[BlackElo "2046"]
[PlyCount "36"]
[EventDate "2018.11.10"]
[EventType "team-tourn"]
[EventRounds "11"]
[EventCountry "ENG"]
[SourceTitle "EXT 2021"]
[Source "ChessBase"]
[SourceDate "2020.10.23"]
[SourceVersion "1"]
[SourceVersionDate "2020.10.23"]
[SourceQuality "1"]
[WhiteTeam "Sussex Martlets"]
[BlackTeam "Anglian Avengers"]
[WhiteTeamCountry "ENG"]
[BlackTeamCountry "ENG"]

1. e4 e5 2. Nf3 Nc6 3. Bc4 Nf6 4. d3 h6 5. c3 d6 6. Bb3 g6 7. Nbd2 Bg7 8. h3 0-0 9. Nf1 d5 10. Qe2 Be6 11. Bc2 Qd6 12. g4 Nd7 13. Ng3 Rad8 14. Rg1 dxe4 15. Nxe4 Qe7 16. h4 Nc5 17. h5 Nxe4 18. dxe4 g5 1/2-1/2

[Event "Hastings Masters op 94th"]
[Site "Hastings"]
[Date "2019.01.06"]
[Round "10"]
[White "Byrn, Carsten"]
[Black "Graham, Cassie M"]
[Result "1/2-1/2"]
[WhiteElo "1961"]
[BlackElo "1889"]
[PlyCount "74"]
[EventDate "2018.12.28"]
[EventType "swiss"]
[EventRounds "10"]
[EventCountry "ENG"]
[SourceTitle "CBM 188 Extra"]
[Source "ChessBase"]
[SourceDate "2019.02.26"]
[SourceVersion "1"]
[SourceVersionDate "2019.02.26"]
[SourceQuality "1"]

1. c4 Nf6 2. g3 g6 3. Bg2 Bg7 4. Nc3 d6 5. e4 0-0 6. Nge2 Nc6 7. 0-0 Rb8 8. d3 a6 9. a4 Bd7 10. h3 Qc8 11. Kh2 h6 12. Be3 Kh7 13. f4 e5 14. d4 exd4 15. Nxd4 Re8 16. Qd2 Na5 17. Qd3 b6 18. b4 Nb7 19. Rab1 a5 20. e5 dxe5 21. fxe5 Rxe5 22. Bf4 Rh5 23. h4 axb4 24. Ncb5 Nc5 25. Qe2 Bxb5 26. Nxb5 Ne6 27. Bh3 Nxf4 28. Rxf4 Qe8 29. Qxe8 Nxe8 30. Rxb4 Kg8 31. Bg2 Be5 32. Re4 Nf6 33. Rxe5 Rxe5 34. Nxc7 Ng4+ 35. Kh3 Nf2+ 36. Kh2 Ng4+ 37. Kh3 Nf2+ 1/2-1/2

[Event "Hastings Masters op 94th"]
[Site "Hastings"]
[Date "2019.01.04"]
[Round "8"]
[White "Graham, Cassie M"]
[Black "Sugden, John N"]
[Result "1/2-1/2"]
[WhiteElo "1889"]
[BlackElo "2072"]
[PlyCount "64"]
[EventDate "2018.12.28"]
[EventType "swiss"]
[EventRounds "10"]
[EventCountry "ENG"]
[SourceTitle "CBM 188 Extra"]
[Source "ChessBase"]
[SourceDate "2019.02.26"]
[SourceVersion "1"]
[SourceVersionDate "2019.02.26"]
[SourceQuality "1"]

1. e4 c5 2. Nc3 Nc6 3. g3 g6 4. Bg2 Bg7 5. d3 d6 6. Be3 e5 7. Nge2 Nge7 8. 0-0 0-0 9. Qd2 Nd4 10. Nd1 Bg4 11. f3 Be6 12. c3 Nxe2+ 13. Qxe2 Qd7 14. Nf2 f5 15. Qd2 Nc6 16. Rfd1 b6 17. b3 Rad8 18. Bg5 Rde8 19. Rac1 d5 20. exd5 Bxd5 21. Re1 Nd8 22. Bh6 Bxh6 23. Qxh6 Nf7 24. Qe3 Bc6 25. f4 Bxg2 26. Kxg2 Qc6+ 27. Qf3 Qxf3+ 28. Kxf3 Re7 29. Re3 Rfe8 30. Rce1 g5 31. fxg5 Nxg5+ 32. Kg2 Kf8 1/2-1/2

[Event "Basingstoke 4NCL Spring Bank op-A 1st"]
[Site "Basingstoke"]
[Date "2018.05.28"]
[Round "7"]
[White "Graham, Cassie M"]
[Black "Jamroz, Krzysztof"]
[Result "0-1"]
[WhiteElo "1853"]
[BlackElo "2000"]
[PlyCount "74"]
[EventDate "2018.05.25"]
[EventType "swiss"]
[EventRounds "7"]
[EventCountry "ENG"]
[SourceTitle "CBM 184 Extra"]
[Source "ChessBase"]
[SourceDate "2018.06.28"]
[SourceVersion "1"]
[SourceVersionDate "2018.06.28"]
[SourceQuality "1"]

1. e4 c5 2. Nc3 e6 3. g3 d5 4. d3 Nc6 5. Bg2 Nf6 6. Nf3 Be7 7. 0-0 0-0 8. e5 Nd7 9. Re1 a6 10. h4 h6 11. Bd2 b5 12. Qc1 Kh7 13. Bf4 Bb7 14. h5 b4 15. Nd1 Nd4 16. Ne3 Nxf3+ 17. Bxf3 Rb8 18. Ng4 Rh8 19. Rb1 a5 20. Be2 d4 21. Qd1 Nb6 22. Bf3 Bd5 23. Be4+ Bxe4 24. Rxe4 Qd5 25. Ra1 c4 26. f3 c3 27. b3 a4 28. bxa4 Nxa4 29. Qc1 Nc5 30. Bxh6 Nxe4 31. fxe4 Qd8 32. Bf4 Kg8 33. Qd1 Bg5 34. Qf3 Bxf4 35. Qxf4 Rxh5 36. Nf6+ gxf6 37. exf6 Rbb5 0-1

[Event "BCF-chT3Sb 1718 (4NCL)"]
[Site "England"]
[Date "2018.01.14"]
[Round "4.72"]
[White "Graham, Cassie M"]
[Black "Truran, Michael C"]
[Result "1/2-1/2"]
[WhiteElo "1792"]
[BlackElo "2190"]
[PlyCount "58"]
[EventDate "2017.11.11"]
[EventType "team-tourn"]
[EventRounds "11"]
[EventCountry "ENG"]
[SourceTitle "EXT 2020"]
[Source "ChessBase"]
[SourceDate "2019.10.17"]
[SourceVersion "1"]
[SourceVersionDate "2019.10.17"]
[SourceQuality "1"]
[WhiteTeam "Sussex Martlets II"]
[BlackTeam "Brown Jack"]
[WhiteTeamCountry "ENG"]
[BlackTeamCountry "ENG"]

1. e4 c5 2. Nc3 Nc6 3. Bb5 g6 4. Bxc6 dxc6 5. d3 Bg7 6. Nf3 e5 7. Be3 Qe7 8. a4 a5 9. h3 Nf6 10. 0-0 0-0 11. Qc1 Nh5 12. Re1 Qd6 13. Nb1 f5 14. exf5 Bxf5 15. Nbd2 e4 16. Nxe4 Bxe4 17. dxe4 Rxf3 18. gxf3 Be5 19. Qd2 Qf6 20. Bg5 Qxf3 21. Qe3 Qf7 22. c3 Rf8 23. Rad1 Bf4 24. Bxf4 Nxf4 25. Rd2 Qe6 26. Kh2 c4 27. Rg1 Nd3 28. Rg3 Qe5 29. Kg1 Rf4 1/2-1/2

[Event "ENG Terafinal"]
[Site "Daventry"]
[Date "2017.08.13"]
[Round "5"]
[White "Graham, Cassie M"]
[Black "Bott, Simeon"]
[Result "1-0"]
[WhiteElo "175"]
[BlackElo "122"]
[PlyCount "93"]
[EventDate "2017.08.12"]
[EventType "swiss"]
[EventRounds "6"]
[EventCountry "ENG"]
[SourceTitle "CBM 179 Extra"]
[Source "ChessBase"]
[SourceDate "2017.08.23"]
[SourceVersion "1"]
[SourceVersionDate "2017.08.23"]
[SourceQuality "1"]

1. e4 d6 2. d4 Nf6 3. Nc3 Nbd7 4. g3 e5 5. Nge2 Be7 6. Bg2 0-0 7. 0-0 c6 8. a4 Re8 9. h3 Nf8 10. Be3 Be6 11. f4 exd4 12. Bxd4 Bc4 13. g4 Ne6 14. Be3 d5 15. e5 Nd7 16. b3 Ba6 17. Rf3 Bc5 18. Bxc5 Nexc5 19. b4 Bxe2 20. Qxe2 Ne6 21. Qf2 Nef8 22. Rd1 f6 23. exf6 Qxf6 24. h4 h6 25. g5 hxg5 26. hxg5 Qe7 27. Rh3 g6 28. Qd4 Qg7 29. Qd3 Ne6 30. Rf1 Rf8 31. Nxd5 cxd5 32. Bxd5 Rae8 33. Rh6 Kf7 34. f5 gxf5 35. Qxf5+ Ke7 36. Rxe6+ Kd8 37. Rxe8+ Rxe8 38. Be6 Rf8 39. Qd5 Rxf1+ 40. Kxf1 Ke8 41. Qxd7+ Qxd7 42. Bxd7+ Kxd7 43. Ke2 Ke6 44. Kd3 Kf5 45. Kc4 Kxg5 46. Kd5 Kf5 47. c4 1-0